Public sector procurement: the Harmon case (Record no. 63517)

MARC details
000 -LEADER
fixed length control field 00833cam a2200241 4500
001 - CONTROL NUMBER
control field ABS62288
008 - FIXED-LENGTH DATA ELEMENTS--GENERAL INFORMATION
fixed length control field 000000n2000 000 0 eng u
035 ## - SYSTEM CONTROL NUMBER
System control number (Sirsi) u106045
100 ## - MAIN ENTRY--PERSONAL NAME
Personal name Button, R.
100 ## - MAIN ENTRY--PERSONAL NAME
Personal name Mills, R.
245 ## - TITLE STATEMENT
Title Public sector procurement: the Harmon case
260 ## - PUBLICATION, DISTRIBUTION, ETC.
Date of publication, distribution, etc. 2000
490 ## - SERIES STATEMENT
Series statement CSM
-- Chartered Surveyor Monthly
Volume/sequential designation May 2000, 24(1)
520 ## - SUMMARY, ETC.
Summary, etc. Reports on the Harmon case, which concerned the tenders for the House of Commons new offices. Warns that a failure to comply with European legislation can prove expensive.
590 ## - LOCAL NOTE (RLIN)
Local note ABS
650 ## - SUBJECT ADDED ENTRY--TOPICAL TERM
Topical term or geographic name entry element PUBLIC SECTOR PROCUREMENT
650 ## - SUBJECT ADDED ENTRY--TOPICAL TERM
Topical term or geographic name entry element HOUSE OF COMMONS
650 ## - SUBJECT ADDED ENTRY--TOPICAL TERM
Topical term or geographic name entry element TENDERS
650 ## - SUBJECT ADDED ENTRY--TOPICAL TERM
Topical term or geographic name entry element EC DIRECTIVES
650 ## - SUBJECT ADDED ENTRY--TOPICAL TERM
Topical term or geographic name entry element HARMON CFEM FACADES (UK) V CORPORATE OFFICER OF THE HOUSE OF COMMONS
690 ## - LOCAL SUBJECT ADDED ENTRY--TOPICAL TERM (OCLC, RLIN)
Topical term or geographic name as entry element Procurement
9 (RLIN) 6260
942 ## - ADDED ENTRY ELEMENTS (KOHA)
Suppress in OPAC 0
Holdings
Withdrawn status Lost status Source of classification or shelving scheme Damaged status Not for loan Home library Current library Shelving location Date acquired Total Checkouts Full call number Barcode Date last seen Copy number Price effective from Koha item type
    Dewey Decimal Classification     London London Journal article 22/05/2000   ABS62288 106045-1001 06/08/2019 1 06/08/2019 Journal article